000 04447cam a2200865 i 4500
001 23177908
003 OSt
005 20231009145704.0
008 230608s2020 nyu 000 1 eng d
010 _a 2022513674
015 _aGBC047792
_2bnb
015 _aGBC047793
_2bnb
016 7 _a019758465
_2Uk
016 7 _a019758466
_2Uk
020 _a9781609455910
_q(hardcover)
020 _a1609455916
_q(hardcover)
035 _a(OCoLC)on1134756433
040 _aCNWPU
_beng
_erda
_cCNWPU
_dBDX
_dTOH
_dATNSH
_dUKMGB
_dOCLCO
_dOCLCF
_dOCLCQ
_dORX
_dHQD
_dOQX
_dCMI
_dIK2
_dUTW
_dTCH
_dOCLCO
_dYU6
_dOCLCO
_dGZD
_dJPL
_dW8A
_dNZAUC
_dSLPLM
_dOCLCO
_dZP7
_dOCLCO
_dZCU
_dOCLCO
_dEAU
_dTXSVP
_dILC
_dOCLCO
_dCBY
_dMEAUC
_dAJB
_dIUK
_dOCL
_dOCLCO
_dZ#6
_dIUA
_dOCLCO
_dKSU
_dOCLCO
_dKSU
_dCNNWP
_dOCLCO
_dHNQ
_dOCLCO
_dIND
_dOCL
_dJ@R
_dOCLCO
_dSHM
_dOCLCO
_dOCLCQ
_dOCLCO
_dBCZ
_dOCLCO
_dOLT
_dOCLCO
_dFO7
_dDLC
041 1 _aeng
_hita
042 _alccopycat
043 _ae-it---
050 0 0 _aPQ4866.E6345
_bV5813 2020
082 0 4 _a853.914
_bFER/L
084 _aFIC019000
_aFIC045000
_aFIC043000
_2bisacsh
100 1 _aFerrante, Elena
_eauthor.
_99720
240 1 0 _aVita bugiarda degli adulti.
_lEnglish
245 1 4 _aThe lying life of adults /
_cElena Ferrante ; translated from the Italian by Ann Goldstein.
264 1 _aNew York :
_bEuropa Editions,
_c2020.
264 4 _3Translation,
_c©2020
300 _a322 pages ;
_c24 cm
336 _atext
_btxt
_2rdacontent
337 _aunmediated
_bn
_2rdamedia
338 _avolume
_bnc
_2rdacarrier
500 _aOriginally published as La vita bugiarda degli adulti in 2019 by Edizioni e/o.
520 _a"Giovanna's pretty face is changing, turning ugly, at least so her father thinks. Giovanna, he says, looks more like her Aunt Vittoria every day. But can it be true? Is she really changing? Is she turning into her Aunt Vittoria, a woman she hardly knows but whom her mother and father clearly despise? Surely there is a mirror somewhere in which she can see herself as she truly is. Giovanna is searching for her reflection in two kindred cities that fear and detest one another: Naples of the heights, which assumes a mask of refinement, and Naples of the depths, a place of excess and vulgarity. She moves from one to the other in search of the truth, but neither city seems to offer answers or escape."--Provided by publisher
650 0 _aTeenage girls
_vFiction.
650 0 _aIdentity (Psychology)
_vFiction.
650 0 _aParent and child
_vFiction.
650 0 _aFamily secrets
_vFiction.
650 0 _aSocial classes
_zItaly
_zNaples
_vFiction.
650 0 _aBody image in adolescence
_vFiction.
650 6 _aAdolescentes
_vRomans, nouvelles, etc.
650 6 _aIdentité (Psychologie)
_vRomans, nouvelles, etc.
650 6 _aParents et enfants
_vRomans, nouvelles, etc.
650 6 _aSecrets de famille
_vRomans, nouvelles, etc.
650 6 _aClasses sociales
_zItalie
_zNaples
_vRomans, nouvelles, etc.
650 6 _aImage du corps chez l'adolescent
_vRomans, nouvelles, etc.
650 7 _aFICTION
_xLiterary.
_2bisacsh
650 7 _aFICTION
_xFamily Life
_xGeneral.
_2bisacsh
650 7 _aFICTION
_xComing of Age.
_2bisacsh
650 7 _aTeenage girls.
_2fast
_0(OCoLC)fst01145412
650 7 _aSocial classes.
_2fast
_0(OCoLC)fst01122346
650 7 _aParent and child.
_2fast
_0(OCoLC)fst01053308
650 7 _aIdentity (Psychology)
_2fast
_0(OCoLC)fst00966892
650 7 _aFamily secrets.
_2fast
_0(OCoLC)fst01737651
650 7 _aBody image in adolescence.
_2fast
_0(OCoLC)fst00835354
651 0 _aNaples (Italy)
_vFiction.
651 7 _aItaly
_zNaples.
_2fast
_0(OCoLC)fst01204441
651 7 _aNaples (Italy)
_vFiction.
_2sears
655 0 _aDomestic fiction.
655 4 _aItalian fiction
_vTranslations into English.
655 7 _aPsychological fiction.
_2fast
_0(OCoLC)fst01726481
655 7 _aBildungsromans.
_2fast
_0(OCoLC)fst01726536
655 7 _aDomestic fiction.
_2fast
_0(OCoLC)fst01726589
655 7 _aFiction.
_2fast
_0(OCoLC)fst01423787
655 7 _aBildungsromans.
_2gsafd
655 7 _aDomestic fiction.
_2lcgft
655 7 _aBildungsromans.
_2lcgft
655 7 _aPsychological fiction.
_2lcgft
655 7 _aNovels.
_2lcgft
700 1 _aGoldstein, Ann,
_d1949-
_etranslator.
906 _a7
_bcbc
_ccopycat
_d2
_encip
_f20
_gy-gencatlg
942 _2ddc
_cBK
_h853.914
_iFER/L
_k853.914
_mFER/L
999 _c42608
_d42608